000
00187nam a22000857a 4500
001
1235759
005
20250930162618.0
245
_a
TROYA MASALI
_c
AZRA ERHAT
260
_b
GÜNIŞIĞI YAYINLARI
999
_c
1235759
_d
1235759